| 000 | 00592nam a2200229Ia 4500 | ||
|---|---|---|---|
| 003 | OSt | ||
| 005 | 20220928104136.0 | ||
| 006 | a|||||r|||| 00| 0 | ||
| 007 | ta | ||
| 008 | 220927b |||||||| |||| 00| 0 hin d | ||
| 024 | _a63136 | ||
| 037 | _cTextual | ||
| 040 |
_aSDCL _cSDCL _bhin |
||
| 041 |
_2hin _ahin |
||
| 082 | _aP(2)v1'D5, L2 | ||
| 100 |
_aMule Gunakar _9395520 |
||
| 245 | 0 | _aAnta-katha | |
| 260 |
_aNew Delhi _bSuchana aur prasaran mantralay _c1972 |
||
| 300 |
_a267p. _ccm. |
||
| 942 |
_hP(2)v1'D5, L2 _cTEXL _2CC |
||
| 999 |
_c724777 _d724777 |
||